Mathematical models for environmental problems: proceedings of the International Conference

Guardat en:
Dades bibliogràfiques
Autor principal: Brebbia, C. A (Autor)
Format: Llibre
Idioma:anglès
Publicat: Nueva York John Wiley 1976
Col·lecció:A Halsted Press Book
Matèries:
Etiquetes: Afegir etiqueta
Sense etiquetes, Sigues el primer a etiquetar aquest registre!

MARC

LEADER 00000nam a2200000 a 4500
001 UCQ9274
003 CL-VaPUC
005 20231128171146.0
008 981230e19760000us 1 eng d
082 0 4 |a 570.15195  |b BRE  |2 21 
100 1 |a Brebbia, C. A  |e author  |9 619244 
245 1 0 |a Mathematical models for environmental problems: proceedings of the International Conference 
260 |a Nueva York  |b John Wiley  |c 1976 
300 |a 537 p 
490 0 |a A Halsted Press Book 
583 |a last modification  |c 19981230 00:00:00  |k Rodrigo Vera 
650 0 7 |a BIOMATEMATICAS  |2 CL-VaPUC  |9 260148 
650 0 0 |a Ecología   |9 258124 
650 0 0 |a Modelos matemáticos   |9 259437 
650 0 0 |a Ecosistemas  |9 261477 
650 0 0 |a Análisis matemático   |9 260146 
942 |c BK 
945 |a cmena  |d 19981230 00:00:00 
546 |a En Inglés 
536 |a University of Southampton 
518 |p International Conference, Southampton, 8 al 12 de Septiembre de 1975 
999 |c 383316  |d 383314 
952 |0 0  |1 0  |4 0  |6 570_151950000000000_BRE_1976  |7 0  |8 A  |9 505402  |a BIBMAT  |b BIBMAT  |d 2020-01-23  |i 1311212  |o 570.15195 BRE 1976  |p 1311212  |r 2025-01-07  |w 2020-01-23  |y BK  |k MAT